000 00747cam a2200241 a 4500
020 _a0821364960 (pbk. : v. 1)
020 _a9780821364963 (pbk. : v. 1)
020 _a0821367161 (pbk. : v. 2)
020 _a9780821367162 (pbk. : v. 2)
020 _a0821364979
020 _a9780821364970
040 _cDLC
082 0 0 _a382 WOR 2007 A070 Or.
245 0 0 _aReforming agricultural trade for developing countries /
260 _aWashington, DC :
_bWorld Bank,
_cc2007.
300 _av. < -2> :
_bill. ;
_c23 cm.
490 1 _aAgriculture and rural development
650 0 _aAgriculture and state
700 1 _aMcCalla, Alex F.,
700 1 _aNash, John,
856 4 1 _uhttp://www.loc.gov/catdir/toc/fy0716/2006049111.html
942 _cEK
999 _c14703
_d14703